| 000 | 00757 a2200241 4500 | ||
|---|---|---|---|
| 003 | OSt | ||
| 005 | 20180116192401.0 | ||
| 008 | 120702t xxu||||| |||| 00| 0 eng d | ||
| 010 | _a 73164286 | ||
| 020 | _a0714815500 | ||
| 020 | _a9780714842080 | ||
| 040 | _c0 | ||
| 082 | 0 | 0 | _a701.15 |
| 100 | 1 |
_aGombrich, E. H. _95095 |
|
| 245 | 1 | 0 |
_aArt and illusion: _ba study in the psychology of pictorial representation, _cby E. H. Gombrich. |
| 250 | _a4th ed. | ||
| 260 |
_aLondon : _bPhaldon; _c2002. |
||
| 300 |
_axiv, 388 p. : _billus. (some col.), facsims. _c26 cm. |
||
| 650 | 1 | 0 |
_aArt _xPsychology. _95096 |
| 650 | 1 | 0 |
_aArtists _xPsychology _95097 |
| 942 |
_aSADA _cBK _k701.15 GOM 2002 _2ddc |
||
| 999 |
_c353303 _d353303 |
||